000 00620nam a2200277Ia 4500
005 20260324112955.0
008 008 260324s9999 xx 000 0 eng d
020 _a9781032630113
037 _aEBOOK
040 _aCRL
040 _beng
040 _cCRL
041 _2eng
041 _aeng
084 _qCRL
100 _aN. N. Mahapatra
_91144910
245 0 _aTextile Printing
260 _bTaylor and Francis
260 _c2024
365 _a
365 _b200
856 _uhttp://www.taylorfrancis.com/books/9781032630113
942 _cEBOOK
999 _c1734314
_d1734314